Quizzes
Events
Quiz Creation
Community
Videos
Private Events
Remove Ads
Sign In
Join for FREE
Feedback
Dark Mode
Quiz Categories
Sports
Geography
Music
Movies
Television
Just For Fun
Miscellaneous
History
Literature
Language
Science
Gaming
Entertainment
Religion
Holiday
For Kids
Quiz Lab
Recent
Popular Today
Quiz Kudos Today
Editor Picks
Curator Picks
Quizzes by...
Day
Popularity
Type
Ratings
Length
Year
Community
Subscriptions
Recent Discussions
Orange Saloon
Badges
Playlists
Quests
Create
Leaderboards
Showdown
Live 5
Trivia Bingo
Activity
Puzzle Library
Sporcle Events
Private Events
Virtual Trivia
Globe League
Become a Host
Pub Owners
SporcleCon
Opinionation
Our Games
Videos
Blog
Mobile Apps
Partnerships
Remove Ads and Go Orange
Feedback
Just For Fun
Clickable
Get the Picture
Humor
Quick Pick
Word Ladder
Missing Word
Mixed Word
Blitz
Minefield
This or That
Alphabet
Color
Typing
Sporcle
Puzzle
Word Play
Follow That Line
Logic
Just For Fun
Clickable
Get the Picture
Humor
Quick Pick
Word Ladder
Missing Word
Mixed Word
Blitz
Minefield
This or That
Alphabet
Color
Typing
Sporcle
Puzzle
Word Play
Follow That Line
Logic
Random Quiz
Search Sporcle
×
Quiz Lab
Quiz Lab
Just For Fun
Mixed Word
Type in answers that appear in a list
Type in answers that appear in a list
Classic
Best Score? Go Orange.
Mixed Word: Shades of Yellow Stats
Can you name the Mixed Word: Shades of Yellow?
By
akabuca96
3m
20 Questions
99 Plays
99 Plays
99 Plays
Comments
Comments
Give Quiz Kudos
Give Quiz Kudos
-
- Ratings
hide this ad
Replay
Link that replays current quiz
Next Quiz
Link to next quiz in quiz playlist
You Got
0%
They Got
Avg Score
58%
Avg Friend Score
Upgrade to see
Score Distribution
Jump to the score distribution portion of the page
Score
0/20
Timer
03:00
0
Plays Today
Mixed Word
Shade of Yellow
% Correct
GEG
Egg
100%
LGOD
Gold
98%
ANBNAA
Banana
92.9%
EMOLN
Lemon
87.9%
ZAMEI
Maize
87.9%
RTASW
Straw
80.8%
MEBRA
Amber
76.8%
SURTAMD
Mustard
64.6%
FRANSFO
Saffron
58.6%
ILARMODG
Marigold
58.6%
Mixed Word
Shade of Yellow
% Correct
RNAYCA
Canary
57.6%
NLDERODGO
Goldenrod
56.6%
EADNOILDN
Dandelion
55.6%
NEDBOL
Blonde
50.5%
OIMALARL
Amarillo
45.5%
ETPUCBURT
Buttercup
44.4%
ECARHTURES
Chartreuse
21.2%
IRETCIN
Citrine
20.2%
PSENAL
Naples
19.2%
NARDIOCRE
Corlander
3%
Quiz Playlist
Details
Report
Send in Message
Add To Playlist
Classic:
Type in answers that appear in a list
Last Updated: Feb 16, 2017
Quiz Scoreboard
CHALLENGE
Sign Up to Join the Scoreboard
Show All
Scores
Hide
Comments
May contain spoilers
Recently Published
NBA Finals Game Top Scorers (2010s)
by flibbidy
Sports
5m
Guess the 'R' Things in 3 Words
by MSUKent
Miscellaneous
3m
Actor to Badly Drawn Movie III
by MoMosMoProblems
Movies
5m
More to Explore
Quiz From the Vault
Featured Blog Post
Where Does Lost Luggage Go?
hide this ad
You Might Also Like...
Tags
Mixed Word Quiz
Mixed
shade
Yellow
Today's Top Quizzes in Just For Fun
Browse Just For Fun
hide this ad
Today's Top Quizzes in Mixed Word
Browse Mixed Word
Top Contributed Quizzes in Just For Fun
1
CrossWordLadder XXIII
2
Erkennst du die Lieblingsgerichte der watsons?
3
Quick Pick: Famous Davids
4
Sporcle Events Newsletter Bonus Questions 3/18/24
5
Guess Who in 3 Images
6
CrossWordLadder XXIV
7
CrossWordLadder XLIII
8
Trees Logic Puzzle 616
9
CrossWordLadder XXV
10
Order the Mini Maze II
Explore More
Trending Topics
NBA
Anime
Harry Potter
Marvel
Crossword
Kpop
Disney
Soccer
The Office
Song
Puzzle
Country
Pokémon
NFL
WWE
hide this ad
More By:
akabuca96
Quiz
Plays
Rating
Category
Featured
Created
US Presidents (Redux)
1,485,864
4.35
History
Mar 28, 2012
March Madness Recent Champions
267,513
3.67
Sports
Mar 29, 2012
MLB Teams (Redux)
243,046
4.04
Sports
Mar 28, 2012
NBA 50 Point Games (2000s)
179,067
4.57
Sports
Mar 22, 2012
NFL Team Leaders, 2000-2017
162,687
4.61
Sports
Jan 26, 2011
Go to Creator's Profile
Score Distribution
Quiz Creator Spotlight
akabuca96
Follow
Send a Message
Quizzes Created
-
Created Quiz Play Count
-
More By This Creator
Popular Quizzes Today
1
Find the US States - No Outlines Minefield
2
Find the US States
3
The Countries of the World
4
10 Largest US States in Order
5
Find the Countries of Europe - No Outlines Minefield
6
US States
7
Guess the 'R' Things in 3 Words
8
NBA Finals Game Top Scorers (2010s)
More Just For Fun Quizzes
Missing Word: #1 Hits of 1976
Published
Trending Quizzes
First Name TV: Leading Men
Match the Book to the Film II
First Name TV: Leading Women Drama
3-Word Movies in 1 Word II
Match the Book to the Film VI
Recently Updated
Women's Final Four Teams by Year
bhenderson79
Presidents Quartet II
eogle
Anything But Clue(do)
eogle
Anything But Oceanian Capitals
eogle
Anything But 7
eogle
Anything But Thing
eogle
Word Ladder: February 29
pecheneg
Song Title Questions
pecheneg
Women's NCAA Tournament #1 Seeds
pecheneg
Celebrity Mug Shots
pecheneg
Trending Topics
Harry Potter
Disney
Crossword
NBA
Marvel
Kpop
Anime
Country
Pokémon
Puzzle
The Office
Song
NFL
WWE
Soccer
Your Account Isn't Verified!
In order to create a playlist on Sporcle, you need to verify the email address you used during registration. Go to your
Sporcle Settings
to finish the process.
Report this User
Report this user for behavior that violates our
Community Guidelines
.
Details:
Send Report
Go to the Sporcle.com Mobile Site →
Comments